| 000 | 00748nam a2200229 4500 | ||
|---|---|---|---|
| 999 |
_c13001 _d13001 |
||
| 003 | MIRAKIL | ||
| 005 | 20190321114203.0 | ||
| 008 | 190321b tu ||||| |||| 00| 0 tur d | ||
| 020 | _a9789944880862 | ||
| 040 |
_aTR-AnCHP _cTR-AnCHP |
||
| 041 | _atur | ||
| 082 |
_a818.4203 _bA32d 2007 |
||
| 100 | _aAğaoğlu, Adalet | ||
| 245 | 1 | 0 |
_aDamla damla günler III : _b(1983-1996) / _cAdalet Ağaoğlu. |
| 260 |
_aİstanbul: _bTürkiye İş Bankası Kültür Yayınları, _c2007. |
||
| 300 |
_a633 s.: _c21 sm. |
||
| 490 | 0 |
_aTürkiye İş Bankası Kültür Yayınları, _vgenel yayın: 1227. |
|
| 504 | _aDizin vardır. | ||
| 600 | 0 |
_95525 _aAğaoğlu, Adalet _d1929- _xAnılar |
|
| 650 | 0 |
_919 _aTürk edebiyatı _xyaşamöyküsü |
|
| 942 |
_2ddc _cBKS |
||